1080 1356 1511 1031 1342 1270 1390 1966 1282 1026 1544 1487 1505 1047 1227 1789 1512 1077 1964 1996 1788 1787 1329 1841 1542 1675 1190 1714 1771 1641 1804 1305 1575 1338 1492 1844 1599 1459 1384 1539 1165 1011 1374 1052 1487 1142 1123 1606 1831 1237 1276 1603 1713 1804 1360 1021 1555 1882 1758 1074 1627 1535 1665 1450 1083 1819 1769 1235 1482 1578 1380 1368 1632 1865 1184 1634 1155 1562 1308 1315 1699 1751 1555 1949 1024 1879 1125 1340 1496 1146 1143 1491 1948 1118 1064 1647 1567 1230 1384 BCNSPRNW ULIB Ver.6.0+V

เปลี่ยนเป็นภาษาไทย

Change to English
 แสดงรายละเอียดบรรณานุกรม
  กลับหน้าหลัก

Brief Record : Get Marc (ISO 2709) : E-mail record : QR code < ปิดหน้าต่าง
LEADER : 00000nam 2200000uu 4500
001    13399123027
003     ULIB
008    020711s2539 th a 000 0 tha d
020    9748970825
099    นว.^bถ321ม
100    ถ่ายเถา สุจริตกุล
245    มงกุฎดอกส้ม /^cถ่ายเถา สุจริตกุล
250    พิมพ์ครั้งที่ 3
260    กรุงเทพฯ :^bวัลยา,^c2539
300    196 หน้า
945    ^p196^l0^i013052
รายการนี้ยังไม่มีแท็ก
คุณยังไม่ได้ล็อกอิน คุณสามารถมีกิจกรรมร่วมกับเว็บไซต์ได้ แต่ต้องล็อกอินก่อน ::
  ล็อกอิน

รายการสื่อสารสนเทศ

ลำดับที่ ประเภท เลขเรียก/บาร์โค้ด สถานที่ สถานะ
1. นวนิยาย
นวนิยาย
นว. ถ321ม ฉ.1 
  Barcode: 013052
ห้องสมุดวิทยาเขตสวรรค์ประชารักษ์
►นวนิยาย
บนชั้น
  ขอยืม

BibComment


ยังไม่เคยถูกคอมเมนท์

คอมเมนท์ทรัพยากรรายการนี้
  คอมเมนท์: มงกุฎดอกส้ม ถ่าย..


 Copyright 2026. Bcnsprnw @Library